RESEARCH programme : progress report 1955

Bibliographic Details
Corporate Author: Forest Research Institute Malaysia (FRIM)
Format: Book
Published: Kuala Lumpur : Forest Department , 1956
Series:Research pamphlet ; no. 15B
Subjects:

MARC

LEADER 00000cam a2200000 7i4500
001 0000003055
005 20040415.0
090 0 0 |a RP634.9072   |b RES 1956 
245 0 0 |a RESEARCH programme :   |b progress report 1955 
260 0 0 |a Kuala Lumpur :   |b Forest Department ,   |c 1956 
300 |a 74 p. ;   |c 34 cm. 
440 0 0 |a Research pamphlet ; no. 15B 
650 0 0 |a Forests and forestry   |x Research 
710 1 1 |a Forest Research Institute Malaysia (FRIM) 
998 |a JPSM 
999 |a 0000005376   |b Monograph   |c Open Shelf   |e Default branch 
999 |a 0000005377   |b Monograph   |c Open Shelf   |e Default branch